[Event "BLR-chT U18"]
[Site "Gomel"]
[Date "2024.03.05"]
[Round "7.5"]
[White "Krauchanka, Nadzeya"]
[Black "Borovikova, Marija"]
[Result "0-1"]
[WhiteElo "1800"]
[BlackElo "1800"]
[PlyCount "50"]
[EventDate "2024.03.01"]
[EventType "tourn"]
[EventRounds "7"]
[EventCountry "BLR"]
[SourceTitle "CB11_2024"]
[SourceDate "2024.03.13"]
[SourceVersion "1"]
[SourceVersionDate "2024.03.13"]
[SourceQuality "1"]

1. e4 g6 2. d4 Bg7 3. Nc3 d6 4. f4 Nd7 5. Nf3 a6 6. Be3 b5 7. a3 Bb7 8. Bd3 c5 9. dxc5 Nxc5 10. Bd2 Nf6 11. Qe2 0-0 12. Rg1 e5 13. 0-0-0 exf4 14. Bxf4 Re8 15. Nd2 d5 16. Qf2 Rc8 17. Kb1 Qa5 18. Nxd5 Bxd5 19. exd5 Nxd3 20. cxd3 Nxd5 21. Rc1 Qa4 22. Bd6 Bd4 23. Qh4 Bxg1 24. Qxa4 Rxc1+ 25. Kxc1 bxa4 0-1

[Event "BLR-ch (Women) 80th"]
[Site "Minsk"]
[Date "2024.01.10"]
[Round "1"]
[White "Borovikova, Marija"]
[Black "Abramkina, Veranika"]
[Result "0-1"]
[WhiteElo "1524"]
[BlackElo "1808"]
[PlyCount "90"]
[EventDate "2024.01.10"]
[EventType "tourn"]
[EventRounds "9"]
[EventCountry "BLR"]
[SourceTitle "CB04_2024"]
[SourceDate "2023.10.16"]
[SourceVersion "1"]
[SourceVersionDate "2023.10.16"]
[SourceQuality "1"]

1. e4 g6 2. d4 Bg7 3. h4 h5 4. Nh3 d5 5. e5 c5 6. Bb5+ Bd7 7. a4 a6 8. Bd3 cxd4 9. Qe2 Bg4 10. f3 Bxh3 11. Rxh3 e6 12. Bg5 Qb6 13. Nd2 Nc6 14. f4 Nh6 15. Nb3 Ng4 16. a5 Qc7 17. Qd2 Bf8 18. Be2 Ne3 19. c3 Nf5 20. Kf2 dxc3 21. Rxc3 Qb8 22. Rd3 Qa7+ 23. Kf3 Bb4 24. Qd1 0-0 25. Ra4 f6 26. Bxf6 Rxf6 27. exf6 e5 28. g4 e4+ 29. Kg2 exd3 30. gxf5 dxe2 31. Qxe2 b5 32. Qe6+ Kh8 33. f7 Qe7 34. Qxc6 Rf8 35. Ra1 Qe2+ 36. Kh1 Qf3+ 37. Kg1 Qg3+ 38. Kh1 Qxh4+ 39. Kg1 Qg4+ 40. Kh1 Qxf5 41. Qxa6 Qh3+ 42. Kg1 Qg3+ 43. Kh1 Qxb3 44. Qxb5 Qh3+ 45. Kg1 Bd2 0-1

[Event "BLR-ch sf (Women)"]
[Site "Minsk"]
[Date "2023.12.10"]
[Round "4"]
[White "Borovikova, Marija"]
[Black "Dorashava, Viktoryia"]
[Result "0-1"]
[WhiteElo "1481"]
[BlackElo "1618"]
[PlyCount "74"]
[EventDate "2023.12.07"]
[EventType "swiss"]
[EventRounds "9"]
[EventCountry "BLR"]
[SourceTitle "CB51_2023"]
[SourceDate "2023.12.20"]
[SourceVersion "1"]
[SourceVersionDate "2023.12.20"]
[SourceQuality "1"]

1. d4 Nf6 2. c4 e6 3. Nf3 d5 4. g3 Be7 5. Bg2 0-0 6. 0-0 dxc4 7. Qc2 c6 8. Qxc4 b5 9. Qc2 Bb7 10. Nc3 Nbd7 11. Ne5 Nxe5 12. dxe5 Nd5 13. Ne4 c5 14. h4 h6 15. Bd2 Qc7 16. f4 c4 17. Bf3 b4 18. Kg2 c3 19. Bc1 a5 20. Rb1 Rab8 21. Rd1 Rfc8 22. b3 Rd8 23. g4 Bc5 24. Kg3 Be3 25. Rh1 f6 26. Nd6 fxe5 27. fxe5 Rxd6 28. exd6 Qxd6+ 29. Kg2 Rd8 30. Rf1 Qe7 31. Bxd5 exd5 32. Kh3 d4 33. Bxe3 Qxe3+ 34. Kh2 Be4 35. Qc1 Qxe2+ 36. Kg3 Qg2+ 37. Kf4 Bxb1 0-1

[Event "BLR-ch sf (Women)"]
[Site "Minsk"]
[Date "2023.12.08"]
[Round "2"]
[White "Borovikova, Marija"]
[Black "Abramkina, Veranika"]
[Result "1/2-1/2"]
[WhiteElo "1481"]
[BlackElo "1793"]
[PlyCount "86"]
[EventDate "2023.12.07"]
[EventType "swiss"]
[EventRounds "9"]
[EventCountry "BLR"]
[SourceTitle "CB51_2023"]
[SourceDate "2023.12.20"]
[SourceVersion "1"]
[SourceVersionDate "2023.12.20"]
[SourceQuality "1"]

1. e4 Nf6 2. e5 Nd5 3. c4 Nb6 4. d4 d6 5. f4 dxe5 6. fxe5 Bf5 7. Nc3 e6 8. Nf3 Bb4 9. a3 Bxc3+ 10. bxc3 c5 11. Bd3 Bxd3 12. Qxd3 Nc6 13. a4 a5 14. Ba3 cxd4 15. cxd4 Nb4 16. Bxb4 axb4 17. Qb3 Rc8 18. Qxb4 Rxc4 19. Qb5+ Rc6 20. Rc1 0-0 21. 0-0 Qc7 22. Rb1 h6 23. Nd2 Nc4 24. Nxc4 Rxc4 25. Rb4 Rxb4 26. Qxb4 Rd8 27. a5 Rd7 28. Rb1 Qd8 29. Rd1 Qa8 30. Qb6 Qa6 31. Qc5 Rd5 32. Qc8+ Kh7 33. Qc2+ g6 34. Rf1 Rd7 35. Qc8 Qc6 36. Qf8 Qc7 37. g4 Re7 38. h4 Qd7 39. Rf4 Qc7 40. Rf1 Qd7 41. Kh2 Qc7 42. Rf2 Rd7 43. h5 g5 1/2-1/2

[Event "Minsk Kupreichik Memorial op"]
[Site "Minsk"]
[Date "2023.04.25"]
[Round "7"]
[White "Zeliantsova, Kseniya"]
[Black "Borovikova, Marija"]
[Result "1-0"]
[WhiteElo "2071"]
[BlackElo "1411"]
[PlyCount "63"]
[EventDate "2023.04.21"]
[EventType "swiss"]
[EventRounds "7"]
[EventCountry "BLR"]
[SourceTitle "CBM 214 Extra"]
[Source "ChessBase"]
[SourceDate "2023.07.31"]
[SourceVersion "1"]
[SourceVersionDate "2023.07.31"]
[SourceQuality "1"]

1. e4 e5 2. Nf3 d6 3. d4 exd4 4. Nxd4 Nf6 5. Nc3 Be7 6. Bc4 0-0 7. 0-0 Nxe4 8. Nxe4 d5 9. Bd3 dxe4 10. Bxe4 Bf6 11. c3 c6 12. Bf4 Na6 13. Qc2 Bxd4 14. cxd4 f5 15. Qc4+ Kh8 16. Bf3 Nc7 17. Rfe1 Bd7 18. Qb3 Qc8 19. Re7 Ne6 20. Be5 Re8 21. Rxe8+ Bxe8 22. d5 Ng5 23. h4 Nxf3+ 24. Qxf3 Bd7 25. Re1 Qf8 26. h5 h6 27. Qf4 Kg8 28. Re3 Re8 29. d6 Qf7 30. Rg3 Qxh5 31. Rxg7+ Kf8 32. g4 1-0

[Event "Minsk Kupreichik Memorial op"]
[Site "Minsk"]
[Date "2023.04.24"]
[Round "5"]
[White "Tarasenka, Aliaksandra"]
[Black "Borovikova, Marija"]
[Result "1-0"]
[WhiteElo "2002"]
[BlackElo "1411"]
[PlyCount "69"]
[EventDate "2023.04.21"]
[EventType "swiss"]
[EventRounds "7"]
[EventCountry "BLR"]
[SourceTitle "CBM 214 Extra"]
[Source "ChessBase"]
[SourceDate "2023.07.31"]
[SourceVersion "1"]
[SourceVersionDate "2023.07.31"]
[SourceQuality "1"]

1. d4 f5 2. c4 Nf6 3. Nc3 g6 4. g3 d6 5. Bg2 c6 6. Nh3 Bg7 7. d5 0-0 8. 0-0 Bd7 9. Qb3 Qb6 10. Be3 Qxb3 11. axb3 c5 12. Nf4 Na6 13. Nd3 Ng4 14. Bg5 Rfe8 15. e4 fxe4 16. Bxe4 Ne5 17. Nc1 Nc7 18. Bd2 Rf8 19. Kg2 b5 20. f4 Ng4 21. h3 b4 22. Nd1 Nf6 23. Bf3 h5 24. Re1 Rfe8 25. Nd3 a5 26. Ne3 Ra6 27. g4 Kf7 28. g5 Ng8 29. f5 Rf8 30. Nf4 Bxb2 31. Rab1 Bd4 32. Nxg6 Bxe3 33. Bxe3 Bxf5 34. Nxf8 Bxb1 35. Ne6 1-0

[Event "Minsk Kupreichik Memorial op"]
[Site "Minsk"]
[Date "2023.04.22"]
[Round "2"]
[White "Bendik, Margarita"]
[Black "Borovikova, Marija"]
[Result "1-0"]
[WhiteElo "1700"]
[BlackElo "1411"]
[PlyCount "63"]
[EventDate "2023.04.21"]
[EventType "swiss"]
[EventRounds "7"]
[EventCountry "BLR"]
[SourceTitle "CBM 214 Extra"]
[Source "ChessBase"]
[SourceDate "2023.07.31"]
[SourceVersion "1"]
[SourceVersionDate "2023.07.31"]
[SourceQuality "1"]

1. e4 c5 2. Nf3 Nc6 3. Bb5 Nd4 4. Nxd4 cxd4 5. c3 Nf6 6. e5 Nd5 7. 0-0 e6 8. Qg4 Qa5 9. a4 a6 10. Bc4 dxc3 11. bxc3 Ne7 12. d4 Qc7 13. Nd2 b6 14. Ne4 Nf5 15. Bd3 Bb7 16. Bg5 h5 17. Qf4 d6 18. c4 dxe5 19. dxe5 Bc5 20. Rad1 Qc6 21. Rfe1 Bb4 22. Re2 Qxa4 23. Bc2 Qc6 24. f3 Bc5+ 25. Kh1 0-0 26. Nf6+ Kh8 27. Bxf5 exf5 28. Qh4 Qxf3 29. gxf3 Bxf3+ 30. Rg2 g6 31. Rf1 Rfd8 32. Nxh5 1-0

[Event "BLR-ch (Women)"]
[Site "Minsk"]
[Date "2021.12.09"]
[Round "1"]
[White "Borovikova, Marija"]
[Black "Norman, Kseniya"]
[Result "0-1"]
[WhiteElo "1433"]
[BlackElo "1810"]
[PlyCount "106"]
[EventDate "2021.12.09"]
[EventType "swiss"]
[EventRounds "9"]
[EventCountry "BLR"]
[SourceTitle "EXT 2023"]
[Source "ChessBase"]
[SourceDate "2022.10.05"]
[SourceVersion "1"]
[SourceVersionDate "2022.10.05"]
[SourceQuality "1"]

1. e4 g6 2. d4 Bg7 3. b3 c5 4. Bb2 Nc6 5. Nf3 d5 6. exd5 Nxd4 7. Nxd4 Qxd5 8. c3 cxd4 9. cxd4 Nh6 10. Na3 Bd7 11. Nc2 Nf5 12. Qd2 Qe4+ 13. Qe2 Qxe2+ 14. Bxe2 Bc6 15. 0-0 0-0 16. Rad1 Rfd8 17. g4 Be4 18. Bd3 Bxd3 19. Rxd3 Rac8 20. Ne3 Nxd4 21. Bxd4 Rxd4 22. Rfd1 Rcd8 23. Rxd4 Rxd4 24. Rc1 Be5 25. h3 Bf4 26. Rc2 Rd3 27. Re2 Bxe3 28. fxe3 f5 29. Kf2 Kf7 30. Rc2 b6 31. Ke2 Rd6 32. Rc4 Kf6 33. gxf5 gxf5 34. Rh4 Kg6 35. Rc4 e5 36. Rc7 a5 37. Re7 e4 38. Rc7 h6 39. h4 Kh5 40. Rf7 Kg6 41. Rf8 Rf6 42. Rxf6+ Kxf6 43. Kf2 Ke5 44. Kg3 h5 45. a3 b5 46. b4 axb4 47. axb4 f4+ 48. exf4+ Kf5 49. Kf2 Kxf4 50. Ke2 e3 51. Ke1 Ke4 52. Ke2 Kd4 53. Ke1 Ke5 0-1